| 000 | 00705cam a2200193 4500 | ||
|---|---|---|---|
| 001 | WB3639-15 | ||
| 008 | 000000n2000 000 0 eng u | ||
| 035 | _a(Sirsi) u108612 | ||
| 245 | _aContractors are able to construct an initiative | ||
| 260 | _c2000 | ||
| 490 |
_aFinancial Times _v 2 October 2000, 26(2) |
||
| 520 | _aConsiders the changing fortune of the private finance initiative. Looks at a number of contractors' attitudes towards, experiences of, and involvement in PFI schemes. Diagram. | ||
| 590 | _aWB | ||
| 650 | _aPRIVATE FINANCE INITIATIVE | ||
| 650 | _aANALYSIS | ||
| 650 | _aCONSTRUCTION SECTOR | ||
| 690 | _aMANAGEMENT-BUSINESS MANAGEMENT-FINANCIAL MANAGEMENT | ||
| 942 | _n0 | ||
| 999 |
_c64840 _d64840 |
||